MARC

LEADER 00000nam0a2200000 4500
001 40811
005 20231031013434.0
010 |a 5020317047 
035 |a (RuTPU)RU\TPU\book\41873 
090 |a 40811 
100 |a 20020523d2001 k y0rusy50 ca 
101 0 |a rus 
102 |a RU 
105 |a a z 001zy 
200 1 |a Диаграммы Гротриана многократных ионов  |f А. С. Яценко  |g Российская академия наук. Сибирское отделение; Институт автоматики и электрометрии; Под ред. С. Г. Раутиана 
210 |a Новосибирск  |c Наука  |d 2001 
215 |a 200 с.  |c ил. 
320 |a Библиогр.: с. 196-200. 
610 1 |a физика 
610 1 |a многократные ионы 
610 1 |a спектры 
610 1 |a диаграммы Гротриана 
610 1 |a радиационные переходы 
610 1 |a энергетические уровни 
610 1 |a схемы 
610 1 |a элементы 
675 |a 539.184  |v 3 
700 1 |a Яценко  |b А. С.  |g Алексей Степанович 
702 1 |a Раутиан  |b С. Г.  |4 340 
712 0 2 |a Российская академия наук (РАН)  |b Сибирское отделение (СО)  |b Институт автоматики и электрометрии (ИАиЭ)  |c (Новосибирск)  |2 stltpush  |3 (RuTPU)RU\TPU\col\12802 
801 1 |a RU  |b 63413507  |c 20020523  |g PSBO 
801 2 |a RU  |b 63413507  |c 20090608  |g PSBO 
942 |c BK